000 00990nam a2200253Ia 4500
003 OSt
005 20220923212441.0
006 a|||||r|||| 00| 0
007 ta
008 220922b |||||||| |||| 00| 0 hin d
024 _a153,095
037 _cTextual
040 _aARTS
_cARTS
_bhin
041 _2hin
_ahin
082 _aO142,3M68:g, 152K9
100 _aचतुर्वेदी, बनारसीदास
245 0 _aनीलकंठ गोर्की और प्रगतिशील लेखकांे का मुख्य कर्तव्य
246 _aNīlakanṭha gorkī aur pragatishīl lekhakāane kā mukhya kartavya
260 _aआगरा
_b चतुर्वेदी समिति
_c1969
300 _a52 पृ.
_ccm.
650 _aहिन्दी साहित्य
_9156264
942 _hO142,3M68:g, 152K9
_cTEXL
_2CC
999 _c308743
_d308743